Socialization to politics. (Record no. 181022)
[ view plain ]
| 000 -LEADER | |
|---|---|
| fixed length control field | 00715cam6a220024100 4500 |
| 001 - CONTROL NUMBER | |
| control field | lce00717741 |
| 008 - FIXED-LENGTH DATA ELEMENTS--GENERAL INFORMATION | |
| fixed length control field | 730220s1973 nyu b 001 0 eng |
| 010 ## - LIBRARY OF CONGRESS CONTROL NUMBER | |
| LC control number | 70189911 |
| 020 ## - INTERNATIONAL STANDARD BOOK NUMBER | |
| Terms of availability | |
| -- | .50 |
| 035 ## - SYSTEM CONTROL NUMBER | |
| System control number | (Sirsi) r109312 |
| 035 ## - SYSTEM CONTROL NUMBER | |
| System control number | (DLC) 70189911 |
| 035 ## - SYSTEM CONTROL NUMBER | |
| System control number | (UPRA)lce00717741 |
| 050 0# - LIBRARY OF CONGRESS CALL NUMBER | |
| Classification number | JA76 |
| Item number | .J36 |
| 082 ## - DEWEY DECIMAL CLASSIFICATION NUMBER | |
| Classification number | 301.5/92 |
| 100 1# - MAIN ENTRY--PERSONAL NAME | |
| Personal name | Jaros, Dean. |
| Linkage | A68476.1 |
| 245 10 - TITLE STATEMENT | |
| Title | Socialization to politics. |
| 260 ## - PUBLICATION, DISTRIBUTION, ETC. | |
| Place of publication, distribution, etc. | New York, |
| Name of publisher, distributor, etc. | Praeger |
| Date of publication, distribution, etc. | [1973] |
| 490 0# - SERIES STATEMENT | |
| Series statement | Basic concepts in political science |
| Linkage | S10878.1 |
| 504 ## - BIBLIOGRAPHY, ETC. NOTE | |
| Bibliography, etc. note | Includes bibliographical references. |
| 650 #0 - SUBJECT ADDED ENTRY--TOPICAL TERM | |
| Topical term or geographic name entry element | Political socialization. |
| Linkage | S31951.1 |
| 949 ## - LOCAL PROCESSING INFORMATION (OCLC) | |
| a | JA76 |
| w | lcc |
| i | 33729001753289 |
| m | MAIN |
| p | 2500 |
| t | BOOK |
| l | ON-SHELF |
No items available.